=LDR 00000nam 2200000 4500 =001 INLIS000000000006048 =005 20251031084811 =035 ##$$a 0010-1025001103 =007 ta =008 251031###########################0#ind## =082 ##$$a 363.96 =084 ##$$a 363.96 BAD k =245 1#$$a Kontrasepsi yang ampuh, aman, mudah serta didukung oleh informasi dan tenaga andalan adalah idaman bangsa Indonesia modern : $b - /$c Badan Koordinasi Keluarga Berencana Nasional =260 ##$$a Jakarta :$b Badan Koordinasi Keluarga Berencana Nasional,$c 1990 =300 ##$$a 8 hal : $b - ; $c 21 cm =650 #4$$a Keluarga Berencana =110 #$$a Badan Koordinasi Keluarga Berencana Nasional =856 ##$$a Perpustakaan Kemendukbangga